| 000 | 00896nas a2200277 4500 | ||
|---|---|---|---|
| 001 | BR0201648 | ||
| 003 | BR-BrBNA | ||
| 005 | 20231205102828.0 | ||
| 007 | ta | ||
| 008 | 230509b bl.|||p| |||| 00| 00por d | ||
| 040 |
_aBR-BrBNA _bpor _cBiblioteca Nacional de Agricultura |
||
| 041 | _a(En) | ||
| 072 | _aH10 | ||
| 100 | 1 | _aCosta, M.L.M. | |
| 100 | 1 | _aBorges, M. | |
| 100 | 1 | _aVilela, E.F. | |
| 100 | 1 | _aMarco Junior, P. de | |
| 100 | 1 | _aLima, E.R. | |
| 245 | 1 | _aEffect of stereoisomers of the main component of the sex pheromone of Euschistus heros (F.)(Hemiptera: Pentatomidae)in the attractiveness of females | |
| 650 | _aPercevejo | ||
| 650 | _aAtrativo | ||
| 650 | _aFeromônio | ||
| 773 | 0 |
_tAnais da Sociedade Entomologica do Brasil (Brazil) _xISSN 0301-8059 _g(Sep 2000), v. 29(3) p. 413-422 _wBR0201648 |
|
| 909 |
_a202311 _bLúcia _c55 _dLúcia Elande |
||
| 942 |
_2AGRIS _n0 _cANA |
||
| 999 |
_c169559 _d169559 |
||